Welcome to the Holygrace Academy Library

Please use search bar below to get started

SHOCK (Record no. 2493)

MARC details
000 -LEADER
fixed length control field 00507nam a22001337a 4500
020 ## - INTERNATIONAL STANDARD BOOK NUMBER
ISBN 0-330-48305-6
082 ## - DEWEY DECIMAL CLASSIFICATION NUMBER
Classification number 823
Item number COO/S
100 ## - MAIN ENTRY--AUTHOR NAME
Personal name COOK,ROBIN
245 ## - TITLE STATEMENT
Title SHOCK
300 ## - PHYSICAL DESCRIPTION
Number of Pages 404
520 ## - SUMMARY, ETC.
Summary, etc Two graduate students decide to solve their financial problems by becoming egg donors at an exclusive, highly profitable fertility clinic on Boston's North Shore. But second thoughts and curiosity prompt the two women to find out more about their donated eggs.<br/>
650 ## - SUBJECT ADDED ENTRY--TOPICAL TERM
Topical Term NOVEL,ENGLISH
942 ## - ADDED ENTRY ELEMENTS (KOHA)
Koha item type Books
Holdings
Withdrawn status Lost status Collection code Home library Current library Shelving location Date acquired Source of acquisition Full call number Accession Number Koha item type
    Fiction Main Library Main Library SHELF-2-E ENGLIAH NOVEL TEACHERS 05/01/2010 PURCHASE 823 COO/S 04906 Books